| 000 | 004570000a22001810004500 | ||
|---|---|---|---|
| 003 | MACL | ||
| 005 | 20150813153127.0 | ||
| 008 | 150813b xxu||||| |||| 00| 0 eng d | ||
| 040 |
_aMACL _cMACL |
||
| 041 | _aEnglish | ||
| 082 | _a403 | ||
| 100 |
_aGopalachandra, S _95351 |
||
| 245 | _aDictionary of Nano Science and Nano Technology | ||
| 260 |
_bAlfa Publication _c2006 _aNew Delhi |
||
| 350 | _a695 | ||
| 650 |
_aDictionary _95352 |
||
| 942 |
_cBK _k403 _2ddc |
||
| 999 |
_c8091 _d8091 |
||